Clubs de Ligue 1 (2025-2026) - Statistiques

Statistiques générales
  • Ce quiz a été pris 148 fois
  • Le résultat moyen est 15 sur 18
Statistiques - réponses
% Correct
Ligue 1 Olympique de Marseille
100%
Ligue 1 Paris Saint-Germain
99%
Ligue 1 Olympique Lyonnais
97%
Ligue 1 Stade Rennais
94%
Ligue 1 AS Monaco
92%
Ligue 1 LOSC
92%
Ligue 1 RC Strasbourg
91%
Ligue 1 FC Nantes
90%
Ligue 1 RC Lens
88%
Ligue 1 Stade Brestois
88%
Ligue 1 OGC Nice
87%
Ligue 1 Toulouse
85%
Ligue 1 Paris FC
83%
Ligue 1 Angers SCO
77%
Ligue 1 FC Lorient
77%
Ligue 1 FC Metz
76%
Ligue 1 Le Havre
72%
Ligue 1 AJ Auxerre
61%
Aucun quiz correspondant
Distribution des résultats
% des personnes avec chaque résultat
Percentile par nombre de réponses
Votre historique - résultats
Vous n’avez pas pris ce quiz